000 00600nam a2200205Ia 4500
003 GCL
008 140319s9999 xx 000 0 ara d
040 _aGCL /
_cGCL
082 0 4 _a658.31
_bك ا
100 1 _aكينات, كيت
245 1 0 _aاختيار الموظف المناسب /
_cكينات, كيت
700 1 _aناجى حداد
300 _a55 ص
490 _aسلسلة الدليل الادارى
_v0
650 0 4 _aادارة الاعمال
650 0 4 _aالادارة
650 0 4 _aادارة الافراد
650 0 4 _aالموظفون - تعيينات
942 _2ddc
_cBK
999 _c49739
_d49739